Advanced strength of materials (Record no. 6074)

000 -LEADER
fixed length control field 00525nam a2200193 4500
001 - CONTROL NUMBER
control field 6074
003 - CONTROL NUMBER IDENTIFIER
control field BD-DhHUET
008 - FIXED-LENGTH DATA ELEMENTS--GENERAL INFORMATION
fixed length control field 790809s1952 nyua 001 0 eng
020 ## - INTERNATIONAL STANDARD BOOK NUMBER
International Standard Book Number 070164002
040 ## - CATALOGING SOURCE
Original cataloging agency DLC
Transcribing agency DLC
Modifying agency BD-DhHUET
082 ## - DEWEY DECIMAL CLASSIFICATION NUMBER
Classification number 620.11
Item number DEN/1952
100 1# - MAIN ENTRY--PERSONAL NAME
Personal name Den Hartog, J. P.
245 10 - TITLE STATEMENT
Title Advanced strength of materials
Statement of responsibility, etc. by Den Hartog, J. P.
250 ## - EDITION STATEMENT
Edition statement 1st ed.
260 ## - PUBLICATION, DISTRIBUTION, ETC. (IMPRINT)
Place of publication, distribution, etc. New York
Name of publisher, distributor, etc. McGraw-Hill
Date of publication, distribution, etc. 1952
300 ## - PHYSICAL DESCRIPTION
Extent ix,379 p.
Other physical details illus.
Dimensions 24 cm.
650 #0 - SUBJECT ADDED ENTRY--TOPICAL TERM
Topical term or geographic name as entry element Strength of materials: engineering
942 ## - ADDED ENTRY ELEMENTS (KOHA)
Koha item type General Book
Holdings
Koha date last seen Koha full call number Lost status Koha normalized classification for sorting Damaged status Source of classification or shelving scheme Withdrawn status Not for loan Shelving location Piece designation (barcode) Sublocation or collection (holding branch) Copy number Date acquired Location (home branch) Koha item type Price effective from
2014-11-30620.11/DEN/1952 620_000000000000000_11DEN1952    Circulation section87925Central Library, BUET12014-11-30Central Library, BUETGeneral Book2014-11-30
2015-04-23620.11/DEN/1952 620_110000000000000_DEN_1952    Circulation section29906Central Library, BUET22015-04-23Central Library, BUETGeneral Book2015-04-23
2015-04-23620.11/DEN/1952 620_110000000000000_DEN_1952    Circulation section29901Central Library, BUET32015-04-23Central Library, BUETGeneral Book2015-04-23
2015-04-23620.11/DEN/1952 620_110000000000000_DEN_1952    Circulation section34760Central Library, BUET42015-04-23Central Library, BUETGeneral Book2015-04-23
2015-04-23620.11/DEN/1952 620_110000000000000_DEN_1952    Circulation section29903Central Library, BUET52015-04-23Central Library, BUETGeneral Book2015-04-23
2015-04-23620.11/DEN/1952 620_110000000000000_DEN_1952    Circulation section34761Central Library, BUET62015-04-23Central Library, BUETGeneral Book2015-04-23
2015-04-23620.11/DEN/1952 620_110000000000000_DEN_1952    Circulation section29908Central Library, BUET72015-04-23Central Library, BUETGeneral Book2015-04-23
2015-04-23620.11/DEN/1952 620_110000000000000_DEN_1952    Circulation section29905Central Library, BUET82015-04-23Central Library, BUETGeneral Book2015-04-23
2015-04-23620.11/DEN/1952 620_110000000000000_DEN_1952    Circulation section29904Central Library, BUET92015-04-23Central Library, BUETGeneral Book2015-04-23
2015-04-25620.11/DEN/1952 620_110000000000000_DEN_1952    Circulation section34762Central Library, BUET102015-04-25Central Library, BUETGeneral Book2015-04-25
2015-04-25620.11/DEN/1952 620_110000000000000_DEN_1952    Circulation section29907Central Library, BUET112015-04-25Central Library, BUETGeneral Book2015-04-25